000 00291nam a22001097a 4500
008 160624b xxu||||| |||| 00| 0 eng d
100 _9851
_aBean, B
245 _aThe Master and the Labourer
260 _anos
_bSovela Kert Gregh
_c1979
300 _aThe Master and the Labourer
942 _2ddc
_cBK
999 _c675
_d675